000 04493nam a22006857a 4500
003 AR-BeUNQ
005 20250915172610.0
008 250703b |||||||| |||| 00| 0 spa d
020 _a987950001000764
040 _aAR-BeUNQ
_cAR-BeUNQ
_eaacr
082 _221
_a407 LEN
245 1 _aLengua y Literatura :
_bMódulo 1
_cMinisterio de Educación de la Nación
_hlibro
250 _a1a.ed
260 _aCiudad Autónoma de Buenos Aires :
_bMnistterio de Educación de la Nación,
_c2015
300 _a158 p. ;
_bil. ;
_c29 cm
490 _aPLAN FINES
500 _aMANUAL DE SECUNDARIA
520 _aEl Lenguaje. LA comunicación humana. Los actos del habla. Las clases de palabras. Las reglas de acentuación. El texto. La narración. El texto expositivo. La sintáxis.
650 _2Lengua
_atell
651 _2unescot
_aArgentina
929 _aDONACION
_bMinisterio de Educacion de la Nación
_c0
_d0
_e2017
_fPAT0083581
_j63434
929 _aDONACION
_bMinisterio de Educacion de la Nación
_c0
_d0
_e2017
_fPAT0083572
_j63473
929 _aDONACION
_bMinisterio de Educacion de la Nación
_c0
_d0
_e2017
_fPAT0083557
_j63474
929 _aDONACION
_bMinisterio de Educacion de la Nación
_c0
_d0
_e2017
_fPAT0083570
_j63475
929 _aDONACION
_bMinisterio de Educacion de la Nación
_c0
_d0
_e2017
_fPAT0083571
_j63476
929 _aDONACION
_bMinisterio de Educacion de la Nación
_c0
_d0
_e2017
_fPAT0083568
_j63477
929 _aDONACION
_bMinisterio de Educacion de la Nación
_c0
_d0
_e2017
_fPAT0083569
_j63478
929 _aDONACION
_bMinisterio de Educacion de la Nación
_c0
_d0
_e2017
_fPAT0083566
_j63479
929 _aDONACION
_bMinisterio de Educacion de la Nación
_c0
_d0
_e2017
_fPAT0083567
_j63480
929 _aDONACION
_bMinisterio de Educacion de la Nación
_c0
_d0
_e2017
_fPAT0083583
_j63481
929 _aDONACION
_bMinisterio de Educacion de la Nación
_c0
_d0
_e2017
_fPAT0083556
_j63231
929 _aDONACION
_bMinisterio de Educacion de la Nación
_c0
_d0
_e2017
_fPAT0083559
_j63232
929 _aDONACION
_bMinisterio de Educacion de la Nación
_c0
_d0
_e2017
_fPAT0083564
_j63229
929 _aDONACION
_bMinisterio de Educacion de la Nación
_c0
_d0
_e2017
_fPAT0083552
_j63228
929 _aDONACION
_bMinisterio de Educacion de la Nación
_c0
_d0
_e2017
_fPAT0083584
_j63482
929 _aDONACION
_bMinisterio de Educación de la Nacion
_c0
_d0
_e2017
_fPAT0083582
_j63435
929 _aDONACION
_bMinisterio de Educación de la Nacion
_c0
_d0
_e2017
_fPAT 0083554
_j63436
929 _aDONACION
_bMinisterio de Educación de la Nación
_c0
_d0
_e2017
_fPAT0083551
_j63437
929 _aDONACION
_bMinisterio de Educación de la Nacion
_c0
_d0
_e2017
_fPAT0083588
_j63438
929 _aDONACION
_bMinisterio de Educación de la Nacion
_c0
_d0
_e2017
_fPAT0083587
_j63439
929 _aDONACION
_bMinisterio de Educación de la Nacion
_c0
_d0
_e2017
_fPAT0083585
_j63440
929 _aDONACION
_bMinisterio de Educación de la Nacion
_c0
_d0
_e2017
_fPAT0083586
_j63441
929 _aDONACION
_bMinisterio de Educación de la Nacion
_c0
_d0
_e2017
_fPAT0083576
_j63442
929 _aDONACION
_bMinisterio de Educación de la Nacion
_c0
_d0
_e2017
_fPAT0083577
_j63443
929 _aDONACION
_bMinisterio de Educación de la Nacion
_c0
_d0
_e2017
_fPAT0083578
_j63444
929 _aDONACION
_bMinisterio de Educación de la Nacion
_c0
_d0
_e2017
_fPAT0083579
_j63445
929 _aDONACION
_bMinisterio de Educación de la Nacion
_c0
_d0
_e2017
_fPAT0083580
_j63446
929 _aDONACION
_bMinisterio de Educación de la Nacion
_c0
_d0
_e2017
_fPAT0083555
_j63447
929 _aDONACION
_bMinisterio de Educación de la Nacion
_c0
_d0
_e2017
_fPAT0083553
_j63448
929 _aDONACION
_bMinisterio de Educación de la Nación
_c0
_d0
_e2017
_fPAT0081471
_j59744
929 _aDONACION
_bMinisterio de Educación de la Nacion
_c0
_d0
_e2017
_fPAT0083561
_j63449
929 _aDONACION
_bMinisterio de Educación de la Nacion
_c0
_d0
_e2017
_fPAT008356363451
_j63450
929 _aDONACION
_bMinisterio de Educación de la Nacion
_c0
_d0
_e2017
_fPAT0083558
_j63451
929 _aDONACION
_bMinisterio de Educación de la Nacion
_c0
_d0
_e2017
_fPAT0083562
_j63452
929 _aDONACION
_bMINISTERIO DE EDUCACION DE LA NACIÓN
_c0
_d0
_e16/02/2018
_f0083573
_j63528
929 _aDONACION
_bMINISTERIO DE EDUCACION DE LA NACIÓN
_c0
_d0
_e16/02/2018
_fPAT 0083574
_j63529
929 _aDONACION
_bMINISTERIO DE EDUCACION DE LA NACIÓN
_c0
_d0
_e16/02/2018
_fPAT 0083575
_j63530
929 _aDONACION
_bMINISTERIO DE EDUCACION DE LA NACIÓN
_c0
_d0
_e19/02/2018
_fPAT 0083565
_j63531
942 _cLIB
999 _c1307
_d1307